00592nam a2200193Ia 4500003000400000005001700004008004100021020001400062040001800076041000800094082002200102100002400124245009900148250001200247260004400259300002500303650003500328650003500363OSt20260123104321.0210716s1988 xx 000 0 und d a803929617 cAIMIT LIBRARY aeng a301.072421bHANR aHanneman, Robert A. aComputer assisted theory building : bmodeling dynamic social systems /cBy Robert A Hanneman. a1st ed. aNew Delhi :bSage Publications ,c1988. a343p. ;bHBc22.8 cm aThe dynamics of simple systems aComplex action and interaction